000 00853cam a2200265 a 4500
001 14561911
005 20180223081605.0
008 060921s2008 maua b 001 0 eng
010 _a 2006052008
020 _a0205510728
020 _a9780205510726
035 _a(OCoLC)ocm71810170
035 _a(OCoLC)71810170
040 _aDLC
_cDLC
_dBAKER
_dC#P
_dBTCTA
_dYDXCP
_dDLC
041 _aeng
080 _a371.5
082 0 0 _a371.5 CHAR
_222
100 1 _a25
101 _aEDU
245 1 0 _aBuilding classroom discipline /
_cC.M. Charles ; collaboration by Gail W. Senter.
504 _aIncludes bibliographical references (p. 294-300) and index.
906 _a7
_bcbc
_corignew
_d1
_eocip
_f20
_gy-gencatlg
942 _2ddc
_cBK
999 _c43297
_d43297